Разработка солей способом подземного выщелачивания

Detalles Bibliográficos
Autor Corporativo: Всесоюзный научно-исследовательский институт галургии (ВНИИГ)
Outros autores: Романов В. С. (редактор)
Idioma:ruso
Publicado: Ленинград, Типография ВИР, 1975
Series:Труды Всесоюзного научно-исследовательского института галургии (ВНИИГ) Т. 76
Subjects:
Formato: Libro
KOHA link:https://koha.lib.tpu.ru/cgi-bin/koha/opac-detail.pl?biblionumber=366801

MARC

LEADER 00000nam0a2200000 4500
001 366801
005 20231102011922.0
035 |a (RuTPU)RU\TPU\retro\24164 
035 |a RU\TPU\retro\24162 
090 |a 366801 
100 |a 20220218d1975 k y0rusy50 ca 
101 0 |a rus 
102 |a RU 
105 |a a z 001zy 
200 1 |a Разработка солей способом подземного выщелачивания  |f Всесоюзный научно-исследовательский институт галургии (ВНИИГ) ; под ред. В. С. Романова 
210 |a Ленинград  |c Типография ВИР  |d 1975 
215 |a 130 с.  |c черт. 
225 1 |a Труды Всесоюзного научно-исследовательского института галургии (ВНИИГ)  |v Т. 76 
320 |a Библиогр. в конце ст. 
606 1 |a Водно-солевые системы  |2 stltpush  |3 (RuTPU)RU\TPU\subj\70581  |9 84800 
610 1 |a каменносолевые месторождения 
610 1 |a разработка месторождений 
610 1 |a скважины 
610 1 |a подземное выщелачивание 
610 1 |a простои 
610 1 |a Славянский рассолопромысел 
610 1 |a Яр-Бишкадакский рассолопромясел 
610 1 |a нерастворители 
610 1 |a потери 
610 1 |a моделирование процесса 
610 1 |a тепловые процессы 
610 1 |a прогнозирование 
610 1 |a звуколокационные устройства 
610 1 |a съемка геологическая 
610 1 |a Верхнекамское месторождение 
610 1 |a экономическая эффективность 
610 1 |a подогрев 
610 1 |a решение задач 
610 1 |a аппараты погружного горения 
610 1 |a автоматическое управление 
610 1 |a технико-экономическая оценка 
675 |a 546-38  |v 3 
702 1 |a Романов  |b В. С.  |4 340 
712 0 2 |a Всесоюзный научно-исследовательский институт галургии (ВНИИГ)  |2 stltpush  |3 (RuTPU)RU\TPU\col\12235 
801 1 |a RU  |b 63413507  |c 20141112 
801 2 |a RU  |b 63413507  |c 20220218  |g RCR 
942 |c BK